Innovation in multilateralism/ (Record no. 9233)
[ view plain ]
| 000 -LEADER | |
|---|---|
| fixed length control field | 00579nam a22001937a 4500 |
| 003 - CONTROL NUMBER IDENTIFIER | |
| control field | OSt |
| 005 - DATE AND TIME OF LATEST TRANSACTION | |
| control field | 20240717124442.0 |
| 008 - FIXED-LENGTH DATA ELEMENTS--GENERAL INFORMATION | |
| fixed length control field | 240717b |||||||| |||| 00| 0 eng d |
| 020 ## - INTERNATIONAL STANDARD BOOK NUMBER | |
| International Standard Book Number | 0312215392 |
| 040 ## - CATALOGING SOURCE | |
| Original cataloging agency | MUST LIB |
| Language of cataloging | MUST |
| Transcribing agency | MUST |
| 082 ## - DEWEY DECIMAL CLASSIFICATION NUMBER | |
| Edition number | 22 |
| Classification number | 341.2 |
| Item number | INN |
| 100 ## - MAIN ENTRY--PERSONAL NAME | |
| Personal name | Edited by Michael G. Schechter |
| 9 (RLIN) | 18844 |
| 245 ## - TITLE STATEMENT | |
| Title | Innovation in multilateralism/ |
| Statement of responsibility, etc. | Edited by Michael G. Schechter |
| 300 ## - PHYSICAL DESCRIPTION | |
| Extent | XXVi, 344 p, : |
| Other physical details | ill. |
| Dimensions | 23 cm |
| 504 ## - BIBLIOGRAPHY, ETC. NOTE | |
| Bibliography, etc | Includes bibliographical index. |
| 650 ## - SUBJECT ADDED ENTRY--TOPICAL TERM | |
| Topical term or geographic name as entry element | Innovation |
| 9 (RLIN) | 5784 |
| 700 ## - ADDED ENTRY--PERSONAL NAME | |
| Personal name | Schechter, G, Michael |
| 9 (RLIN) | 18845 |
| 942 ## - ADDED ENTRY ELEMENTS (KOHA) | |
| Source of classification or shelving scheme | Dewey Decimal Classification |
| Koha item type | Open Shelf |
| Withdrawn status | Lost status | Source of classification or shelving scheme | Damaged status | Not for loan | Home library | Current library | Date acquired | Source of acquisition | Inventory number | Total Checkouts | Full call number | Barcode | Date last seen | Price effective from | Koha item type |
|---|---|---|---|---|---|---|---|---|---|---|---|---|---|---|---|
| Dewey Decimal Classification | MUST Main Library | MUST Main Library | 17/07/2024 | Purchase | 03/20018 | 341.2 INN | 2024-22025 | 17/07/2024 | 17/07/2024 | Open Shelf |
